<?xml version="1.0" encoding="UTF-8"?><?xml-stylesheet type="text/xsl" href="static/style.xsl"?><OAI-PMH xmlns="http://www.openarchives.org/OAI/2.0/" xmlns:xsi="http://www.w3.org/2001/XMLSchema-instance" xsi:schemaLocation="http://www.openarchives.org/OAI/2.0/ http://www.openarchives.org/OAI/2.0/OAI-PMH.xsd"><responseDate>2026-04-17T11:50:27Z</responseDate><request verb="GetRecord" identifier="oai:www.recercat.cat:10459.1/60036" metadataPrefix="marc">https://recercat.cat/oai/request</request><GetRecord><record><header><identifier>oai:recercat.cat:10459.1/60036</identifier><datestamp>2024-12-05T22:09:47Z</datestamp><setSpec>com_2072_3622</setSpec><setSpec>col_2072_479130</setSpec></header><metadata><record xmlns="http://www.loc.gov/MARC21/slim" xmlns:dcterms="http://purl.org/dc/terms/" xmlns:xsi="http://www.w3.org/2001/XMLSchema-instance" xmlns:doc="http://www.lyncode.com/xoai" xsi:schemaLocation="http://www.loc.gov/MARC21/slim http://www.loc.gov/standards/marcxml/schema/MARC21slim.xsd">
   <leader>00925njm 22002777a 4500</leader>
   <datafield ind2=" " ind1=" " tag="042">
      <subfield code="a">dc</subfield>
   </datafield>
   <datafield ind2=" " ind1=" " tag="720">
      <subfield code="a">Velasco González, Alberto</subfield>
      <subfield code="e">author</subfield>
   </datafield>
   <datafield ind2=" " ind1=" " tag="260">
      <subfield code="c">2017-07-11T08:24:31Z</subfield>
   </datafield>
   <datafield ind2=" " ind1=" " tag="260">
      <subfield code="c">2017-07-11T08:24:31Z</subfield>
   </datafield>
   <datafield ind2=" " ind1=" " tag="260">
      <subfield code="c">2010</subfield>
   </datafield>
   <datafield ind2=" " ind1=" " tag="520">
      <subfield code="a">Amb el present article donem a conèixer&#xd;
un compartiment de retaule inèdit amb&#xd;
la representació de la Mater Dolorosa re-&#xd;
centment adquirit pel Museu Comarcal&#xd;
de Cervera. L’obra s’atribueix al denomi-&#xd;
nat Mestre de Cervera, un artífex actiu a la&#xd;
zona de Lleida a les acaballes del segle xv&#xd;
i inicis de la següent centúria, i va formar&#xd;
part del mateix conjunt que una sèrie de&#xd;
compartiments conservats al Museu Epis-&#xd;
copal de Vic (MEV 10745), associació que&#xd;
avui presentem com a novetat.</subfield>
   </datafield>
   <datafield ind2=" " ind1=" " tag="520">
      <subfield code="a">Aquest article és resultat del projecte de recerca Mundo urbano y producción artística en la Catalunya occidental: Lleida y su área de influencia (siglos xiii-xv) (ref. HAR2008-04281, Ministerio de Educación y Ciencia, investigador principal: Francesc Fité). Igualment, el treball ha rebut el recolzament del Grup de Recerca d’Estudis Medievals. Espai, poder i cultura (Universitat de Lleida, grup consolidat amb reconeixement de la Generalitat de Catalunya, dirigit per Flocel Sabaté).</subfield>
   </datafield>
   <datafield ind1="8" ind2=" " tag="024">
      <subfield code="a">http://hdl.handle.net/10459.1/60036</subfield>
   </datafield>
   <datafield tag="653" ind2=" " ind1=" ">
      <subfield code="a">Mestre de Cervera</subfield>
   </datafield>
   <datafield tag="653" ind2=" " ind1=" ">
      <subfield code="a">Pintura gòtica</subfield>
   </datafield>
   <datafield tag="653" ind2=" " ind1=" ">
      <subfield code="a">Catalunya</subfield>
   </datafield>
   <datafield tag="653" ind2=" " ind1=" ">
      <subfield code="a">Lleida</subfield>
   </datafield>
   <datafield tag="653" ind2=" " ind1=" ">
      <subfield code="a">Pere Girard</subfield>
   </datafield>
   <datafield ind2="0" ind1="0" tag="245">
      <subfield code="a">Les restes d’un retaule del Mestre de Cervera conservades al Museu Episcopal de Vic (MEV 10745) i una taula adquirida pel Museu Comarcal de Cervera</subfield>
   </datafield>
</record></metadata></record></GetRecord></OAI-PMH>